00296 a2200109 4500001000700000020000600007040001100013100002600024240006600050245006100116362000900177164927 a  cMagnum aRego, Teresa Cristina10aVygotsky: uma perspectiva historico-cultural da educacaolpor10aVygotsky: uma perspectiva historico-cultural da educacao0 a1899